| 000 | 00859nam a22002777a 4500 | ||
|---|---|---|---|
| 003 | MX-MxINE | ||
| 005 | 20260530115314.0 | ||
| 008 | 260420b2011 NYUa|||| |||| 00| 0 eng d | ||
| 040 |
_aICI _bspa _cICI |
||
| 041 | 1 |
_aeng _hpor |
|
| 050 |
_aPQ9698.13.O35 _bA7618 2014 |
||
| 100 |
_aCoelho, Paulo, _d1947- _eautor _933253 |
||
| 240 |
_aAlquimista _lInglés |
||
| 245 |
_aThe Big Book of Packaging _cPaulo Coelho ; translated by Alan R. Clarke. |
||
| 264 |
_aNew York : _bHarperOne, _c2014 |
||
| 300 |
_a383 páginas _c21 cm |
||
| 336 |
_2rdacontent _atexto |
||
| 337 |
_2rdamedia _asin medio |
||
| 338 |
_2rdacarrier _avolumen |
||
| 500 | _aTraducción de: O Alquimista. | ||
| 650 |
_aAlquimia _vNovela _933254 |
||
| 650 |
_aBúsqueda espiritual _vNovela _933255 |
||
| 650 |
_aDestino _vNovela _933256 |
||
| 655 |
_2local _aNovela _933257 |
||
| 942 |
_2lcc _n0 _cBK |
||
| 999 |
_c13492 _d13492 |
||